000
00333 a2200169 4500
001
73525
020
_a
040
_c
Anchieta - Colégio São Paulo
100
_a
Amado, Jorge
240
1
0
_a
Suor
_l
por
245
1
0
_a
Suor
300
_a
164
362
0
_a
1995
440
1
_a
Record
650
4
_a
Ficção brasileira
942
_c
BK
999
_c
73525
_d
73525